01567nam a2200289 i 4500001000300000100002200003245012500025246009500150260006800245300002800313490025200341500015500593504001400748650003300762650001700795650003600812650003500848650004200883650002600925650003000951830010900981040000801090041001301098080002701111008004101138856009801179bg1 aZIMNIAK, Zbigniew10aSystem wspomagania projektowania, zapewnienia jakości i diagnozowania procesów tłoczenia blach /cZbigniew Zimniak.11aComputer-aided sheet-metal forming process design, quality assurance and diagnosis systems aWrocław :bOficyna Wydawnicza Politechniki Wrocławski,c2005. a174 s. :bil. ;c24 cm.1 aPrace Naukowe Instytutu Technologii Maszyn i Automatyzacji Politechniki Wrocławskiej. Monografie =aScientific Papers of the Institute of Production Engineering and Automation of the Wrocław University of Technology. Monographs,x0867-5325 ;v27 aTyt. równol.: Computer-aided sheet-metal forming process design, quality assurance and diagnosis systems. Numeracja serii gł.: 87. - Streszcz. ang. aBibliogr. 9aBlachaxobróbka plastyczna 9aTłocznictwo 9aNaprężenia i odkształcenia 9aDiagnostyka technicznaxmetody 9aJakość wyrobówxbadaniexmetody 9aSymulacjaxstosowanie 9aOptymalizacjaxstosowanie 0aPrace Naukowe Instytutu Technologii Maszyn i Automatyzacji Politechniki Wrocławskiej.pMonografie ;v27 cBPK0 apolbeng a621.98:539.3/.6:004.94 s pl f |000 0 pol  uhttp://koha.tu.koszalin.pl/cgi-bin/koha/opac-detail.pl?biblionumber=46691yKatalog online BPK